Movie to Director - Click Quiz #2 - Statistics

General Stats
  • This quiz has been taken 57 times
  • The average score is 11 of 15
Answer Stats
Hint Answer % Correct
Titanic James Cameron
96%
Inception Christopher Nolan
88%
Avatar James Cameron
83%
Bad Boys Michael Bay
83%
Oppenheimer Christopher Nolan
81%
Teenage Mutant Ninja Turtles Michael Bay
81%
The Prestige Christopher Nolan
79%
The Dark Knight Christopher Nolan
79%
Transformers Michael Bay
75%
Gladiator Ridley Scott
73%
Blade Runner Ridley Scott
69%
Armageddon Michael Bay
60%
The Terminator James Cameron
58%
Alien Ridley Scott
54%
Matchstick Men Ridley Scott
50%
No matching quizzes found
Score Distribution
Percent of People with Each Score
Percentile by Number Answered
Your Score History
You have not taken this quiz